000
00290 a2200121 4500
001
57738
082
_a
623.4543 JEN
090
_c
35432
_d
35432
100
_a
Jensen, Gordon E.
245
_a
Tactical missile propulsion
_n
Vol-170
260
_a
Virgmiz
_b
AIAA
_c
1996
300
_a
xv, 529p.
942
_a
NUST-CAE
_k
623.4543 JEN
999
_c
292811
_d
292811